000 00526nam a22001577a 4500
005 20251108165155.0
008 250721s9999 xx 000 0 ara d
082 1 4 _a366.1/صاب
100 1 _aطعيمة، صابر
245 1 0 _aالماسونية ذلك العالم المجهول :
_bدراسة في الأسرار التنظيمية لليهودية العالمية /
264 1 _aبيروت :
_bدار الجيل،
_c[19-].
300 _a275ص
650 1 7 _aالماسونية
942 _2ddc
_cBK
999 _c21271
_d21271